[Event "BL 2018-19"]
[Site "Berlin"]
[Date "2019.03.03"]
[Round "11.5"]
[White "Maze, Sebastien"]
[Black "Rapport, Richard"]
[Result "1/2-1/2"]
[WhiteElo "2602"]
[BlackElo "2726"]
[Annotator "TA"]
[PlyCount "93"]
[EventDate "2018.11.10"]
[EventType "team-tourn"]
[EventCountry "GER"]
[SourceTitle "playchess.com"]
[Source "ChessBase"]
[SourceQuality "1"]
[WhiteTeam "Viernheim"]
[BlackTeam "Baden-Baden"]

{[%evp 10,93,34,26,29,31,33,16,19,20,16,25,60,77,65,68,90,57,58,62,67,69,73,82,81,27,29,27,31,22,45,32,29,7,52,49,54,45,65,35,36,35,46,38,38,29,31,34,41,14,59,46,73,38,39,31,45,24,26,27,29,16,95,37,99,22,23,18,18,3,3,0,0,0,0,-8,0,0,0,0,0,0,0,0,0,0]} 1. e4 c5 2. Nf3 e6 3. d4 cxd4 4. Nxd4 Nc6 5. Nc3 Qc7 6. f4 Nxd4 {B47: Sicilian: Taimanov: 5 Nc3 Qc7 6 f4, 6 g3 and 6 Be2} (6... a6 7. a3 b5 8. Be3 Bb7 9. Nb3 Na5 10. Nxa5 Qxa5 11. Bd3 Qc7 12. O-O Nf6 13. Qe2 Bc5 14. Bxc5 Qxc5+ 15. Kh1 d5 16. e5 {½-½ (41) Nakamura,H (2780)-Harikrishna,P (2738) Palma de Mallorca 2017}) 7. Qxd4 b6 8. Bd3 (8. Bd2 {feels hotter.} Bb7 9. Nb5 Qc6 10. Bb4 Nf6 11. Bxf8 Kxf8 12. e5) 8... Bb7 9. Bd2 Nf6 10. Qf2 $146 ({Predecessor:} 10. Qe3 Qc5 11. Qe2 Be7 12. a3 Qh5 13. Qxh5 Nxh5 14. O-O {½-½ (48) Guerrero Vargas,A (2279)-Pulvett Marin,D (2423) Lecheria 2014}) 10... Bc6 11. O-O-O $36 {[%mdl 2048] Keeping Black busy.} O-O-O 12. e5 Nd5 13. Ba6+ Kb8 14. Nb5 Bxb5 15. Bxb5 Bc5 16. Qf3 d6 17. exd6 (17. Rhe1 $16) 17... Rxd6 $11 18. Kb1 Rhd8 19. Bc1 g6 20. g3 Qb7 {...Nc3+! is the strong threat.} 21. Qe2 a5 22. Rhe1 Ka7 23. Rd3 h5 24. Red1 Ne7 25. Rxd6 Rxd6 26. Rxd6 Bxd6 27. Bd3 Bc5 28. Be4 Qd7 29. c3 Nd5 30. Bg2 Nc7 31. a3 Kb8 32. h3 a4 33. g4 hxg4 $1 34. hxg4 f5 35. Kc2 Ka7 (35... Nd5 $11) 36. g5 ({White should try} 36. c4 $16) 36... Qd6 (36... b5 $14) 37. Qc4 (37. c4 $16 Qd4 38. Kb1) 37... b5 38. Qe2 Kb6 {The position is equal.} 39. Bd2 Nd5 40. Bf1 Qc6 41. Kb1 Bd6 42. Kc1 Bc7 ({Wrong is} 42... Nxf4 $2 43. Qf2+ Ka6 44. Bxf4 $18) 43. Kc2 Ka6 44. Bg2 Ka7 45. Bf1 Ka6 46. Bg2 Ka7 47. Bf1 {Accuracy: White = 35%, Black = 63%.} 1/2-1/2

[Event "BL 2018-19"]
[Site "Berlin"]
[Date "2019.03.03"]
[Round "11.5"]
[White "Ernst, Sipke"]
[Black "Vrolijk, Liam"]
[Result "1/2-1/2"]
[WhiteElo "2535"]
[BlackElo "2445"]
[Annotator "TA"]
[PlyCount "119"]
[EventDate "2018.11.10"]
[EventType "team-tourn"]
[EventCountry "GER"]
[SourceTitle "playchess.com"]
[Source "ChessBase"]
[SourceQuality "1"]
[WhiteTeam "Hamburg SK"]
[BlackTeam "Muelheim"]

{[%evp 21,119,-14,-16,-13,-14,-8,-20,-16,-16,-16,-16,-16,-20,-12,-8,-24,-29,-27,-18,-23,-27,-26,0,-12,0,-39,0,0,0,0,0,0,0,0,0,0,0,0,0,0,0,0,0,-9,-14,-12,0,0,13,0,0,0,14,14,14,14,16,16,21,14,14,14,21,21,21,21,21,0,25,16,16,16,39,39,47,47,50,50,44,0,0,0,50,50,50,50,54,33,54,33,54,54,54,54,54,54,54,54,54,54]} 1. Nf3 d5 2. d4 Nf6 3. c4 e6 4. cxd5 exd5 5. Bg5 c6 6. Nc3 Be7 7. Qc2 g6 8. e4 dxe4 9. Bxf6 Bxf6 10. Qxe4+ Qe7 11. Bc4 Bf5 12. Qxe7+ {D36: Queen's Gambit Declined: Exchange Variation: Main line (5 Bg5 c6 6 Qc2)} Kxe7 13. O-O-O Nd7 14. h4 {The position is equal.} Nb6 15. Bb3 {[#]} Rad8 $146 ({Predecessor:} 15... Rhd8 16. Rhe1+ Kf8 17. Ng5 Bxd4 18. Nxf7 Rd7 19. Ne5 Bxe5 20. Rxe5 Rxd1+ 21. Nxd1 {½-½ (50) Dudukin,I (2396)-Onischuk,A (2681) chess.com INT 2018}) 16. Rhe1+ Kf8 17. Ne5 Nd5 18. Nxd5 cxd5 19. g3 Kg7 20. Kd2 Be6 21. Rc1 Rc8 22. Ba4 Rhd8 23. a3 Bf5 (23... Rc4 $5 24. Rxc4 dxc4 $15) 24. Bb5 Kf8 25. f4 Rxc1 26. Rxc1 Rc8 27. Rc5 Be7 28. Rxc8+ Bxc8 29. Bd7 (29. Be2 {looks sharper.} f6 30. Ng4 Bf5 31. h5 Kg7 32. Ke3) 29... Bxd7 30. Nxd7+ $11 {[%mdl 4096] Endgame KB-KN} Ke8 31. Ne5 Bd6 32. Nd3 Kd7 33. Ke3 f6 34. Kf3 b6 35. g4 h6 36. h5 g5 37. fxg5 fxg5 38. Ke3 a6 39. Ne1 Kc6 40. Nc2 Bf4+ 41. Kd3 Bd6 42. Kc3 Kd7 43. Ne3 Kc6 44. Nc2 Kd7 45. b4 Kc6 46. Kb3 Bf8 47. Ne3 Bd6 48. Nf5 Bf8 49. Ka4 Kc7 50. Ne3 (50. b5 $5 {[%cal Rb5a6]} a5 51. Kb3 $11) 50... Kc6 51. Kb3 Bd6 52. a4 {White is slightly better.} Bf8 53. Kc3 a5 54. Nc2 Be7 55. Kb3 Bf8 56. bxa5 bxa5 57. Ne1 Bd6 58. Nd3 Kd7 59. Kc3 Ke6 60. Kc2 {Accuracy: White = 63%, Black = 62%.} 1/2-1/2

[Event "BL 2018-19"]
[Site "Berlin"]
[Date "2019.03.03"]
[Round "11.6"]
[White "Naiditsch, Arkadij"]
[Black "Kovalenko, Igor"]
[Result "0-1"]
[WhiteElo "2736"]
[BlackElo "2644"]
[Annotator "TA"]
[PlyCount "82"]
[EventDate "2018.11.10"]
[EventType "team-tourn"]
[EventCountry "GER"]
[SourceTitle "playchess.com"]
[Source "ChessBase"]
[SourceQuality "1"]
[WhiteTeam "Baden-Baden"]
[BlackTeam "Viernheim"]

{[%evp 11,82,0,0,0,0,0,0,-6,0,-4,4,-2,0,0,18,0,20,-11,0,0,0,0,48,42,34,39,41,0,0,0,0,-38,-41,-72,0,-9,0,0,0,0,0,0,0,-79,-71,-117,0,-69,0,-51,-66,-62,-74,-119,-100,-168,-147,-304,-289,-280,-287,-306,-280,-349,-278,-268,-249,-439,-439,-425,-401,-1134,-1131]} 1. e4 c5 2. Nf3 e6 3. d4 cxd4 4. Nxd4 Nf6 5. Nc3 Nc6 6. a3 Be7 7. Nxc6 {B45: Sicilian Four Knights} (7. Bf4 O-O 8. Nxc6 bxc6 9. Bd3 d5 10. O-O Nd7 11. Re1 d4 12. Nb1 e5 13. Bg3 Bh4 14. Nd2 Bxg3 15. hxg3 {0-1 (47) Sasikiran,K (2672)-Vocaturo,D (2615) Porto Carras 2018}) 7... bxc6 8. e5 Nd5 9. Ne4 {The position is equal.} Qc7 10. f4 f5 11. Nd6+ Bxd6 12. exd6 Qb8 13. b3 $146 ({Predecessor:} 13. Qd4 O-O 14. Bd2 c5 15. Qe5 Bb7 16. O-O-O Rc8 17. c4 Nf6 {1-0 (34) Stephan,J (2209)-Hutois,M (1991) Pornic 2008}) 13... O-O 14. Bb2 c5 15. Be5 Bb7 16. Qd2 Qd8 17. O-O-O Nf6 18. Rg1 Bd5 19. g4 Nxg4 20. Bb2 Qh4 21. Bg2 Bxg2 22. Rxg2 Rf7 (22... g6 $17) 23. Kb1 $11 Re8 24. Rdg1 Qh6 25. Qc3 Rc8 $1 ({Reject} 25... Qxf4 $6 26. h3 $16) 26. Qc4 Rc6 27. Rd2 (27. Qa4 $11 {keeps the balance.}) 27... a6 28. Ka2 Kf8 (28... Nf6 $17 {Threatens to win with ...Ne4.} 29. Rdg2 g6 30. Bxf6 Rxf6) 29. Rg3 (29. Qa4 $11) 29... e5 (29... Nf6 $15 30. Rdg2 g6 31. Bxf6 Rxf6) 30. Rxg4 (30. Qc3 $1 $11) 30... fxg4 $15 31. Bxe5 Qg6 32. Qc3 Kg8 (32... Qe6 {seems wilder.} 33. Re2 Kg8 34. Re3 c4 35. b4 Rc8) 33. Rd5 (33. Qc4 $17 {was called for.}) 33... h6 34. Rxc5 $2 (34. Rd1 $17 {was worth a try.}) 34... Rxc5 $19 35. Qxc5 $17 {[%mdl 4096] Endgame [#] KQR-KQB} h5 $1 36. Kb2 {[#]} h4 $1 37. Qc4 Kh7 38. a4 Rf5 39. Qxa6 $2 (39. Qc8 {might work better.} g3 40. hxg3 hxg3 41. Qxd7) 39... g3 $19 40. hxg3 hxg3 41. Qa7 (41. Bd4 $142 Rxf4 42. Bg1) 41... g2 {Accuracy: White = 43%, Black = 46%.} 0-1

[Event "BL 2018-19"]
[Site "Berlin"]
[Date "2019.03.03"]
[Round "11.6"]
[White "Hausrath, Daniel"]
[Black "Rogozenco, Dorian"]
[Result "1/2-1/2"]
[WhiteElo "2493"]
[BlackElo "2495"]
[Annotator "ChessBase"]
[PlyCount "46"]
[EventDate "2018.11.10"]
[EventType "team-tourn"]
[EventCountry "GER"]
[SourceTitle "playchess.com"]
[Source "ChessBase"]
[SourceQuality "1"]
[WhiteTeam "Muelheim"]
[BlackTeam "Hamburg SK"]
[TimeControl "40/6000+30:3000+30"]

1. Nf3 {[%emt 0:00:00]} d5 {[%emt 0:00:01]} 2. g3 {[%emt 0:00:00]} Nc6 {[%emt 0:00:21]} 3. Bg2 {[%emt 0:04:25]} e5 {[%emt 0:00:15]} 4. d3 {[%emt 0:00:41]} g6 {[%emt 0:01:03]} 5. O-O {[%emt 0:00:18]} Bg7 {[%emt 0:00:08]} 6. c4 {[%emt 0:06:43]} dxc4 {[%emt 0:08:27]} 7. dxc4 {[%emt 0:01:39]} Qxd1 {[%emt 0:00:38]} 8. Rxd1 {[%emt 0:00:04]} Be6 {[%emt 0:02:27]} 9. Nc3 {[%emt 0:06:35]} h6 {[%emt 0:06:28]} 10. Be3 {[%emt 0:05:13]} Nge7 {[%emt 0:07:44]} 11. Nd5 {[%emt 0:30:40]} O-O-O {[%emt 0:05:54]} 12. Ne1 {[%emt 0:00:44]} Nf5 {[%emt 0:08:08]} 13. Bc5 {[%emt 0:02:34]} b6 {[%emt 0:21:26]} 14. Ba3 {[%emt 0:01:08]} Na5 {[%emt 0:00:07]} 15. Rac1 {[%emt 0:13:28]} c6 {[%emt 0:10:45]} 16. b4 {[%emt 0:03:59]} Nb7 {[%emt 0:00:18]} 17. g4 {[%emt 0:06:14]} Nd4 {[%emt 0:02:57]} 18. Rxd4 {[%emt 0:00:24]} exd4 {[%emt 0:00:15]} 19. Ne7+ {[%emt 0:00:06]} Kc7 {[%emt 0:00:54]} 20. Nxc6 {[%emt 0:00:08]} Bxg4 {[%emt 0:00:19]} 21. Nxd8 {[%emt 0:01:59]} Rxd8 {[%emt 0:01:39]} 22. Rc2 {[%emt 0:00:40]} Re8 {[%emt 0:01:58]} 23. Bf3 {[%emt 0:02:34]} Bf5 {[%emt 0:02:54]} 1/2-1/2

[Event "BL 2018-19"]
[Site "Berlin"]
[Date "2019.03.03"]
[Round "11.7"]
[White "Libiszewski, Fabien"]
[Black "Vallejo Pons, Francisco"]
[Result "0-1"]
[WhiteElo "2481"]
[BlackElo "2694"]
[Annotator "TA"]
[PlyCount "80"]
[EventDate "2018.11.10"]
[EventType "team-tourn"]
[EventCountry "GER"]
[SourceTitle "playchess.com"]
[Source "ChessBase"]
[SourceQuality "1"]
[WhiteTeam "Viernheim"]
[BlackTeam "Baden-Baden"]

{[%evp 15,80,26,22,20,17,8,17,12,12,12,12,12,12,12,12,12,15,0,0,0,0,0,3,5,4,1,5,0,0,-12,-5,-11,-13,-15,0,-12,-12,-8,-8,-33,-58,-62,-51,-88,-83,-186,-185,-176,-24,-24,-24,-24,0,-12,-13,-24,-24,-35,-35,-35,-35,-35,-35,-29994,-29995,-29995,-29987]} 1. e4 e5 2. Nf3 Nc6 3. Bc4 Nf6 4. d3 Bc5 5. O-O O-O 6. c3 d5 7. exd5 Nxd5 8. Re1 Bg4 9. Nbd2 {C54: Giuoco Piano: 4 c3 Nf6, main lines with 5 d4 and 5 d3} Nb6 10. b4 (10. h3 Bh5 11. Bb3 Kh8 12. Ne4 Bd6 13. g4 Bg6 14. d4 exd4 15. Nxd4 Nxd4 16. Qxd4 Be7 {1-0 (48) Giri,A (2783)-Inarkiev,E (2693) St Petersburg 2018}) 10... Be7 11. h3 {The position is equal.} Bh5 12. b5 Na5 $1 13. g4 Bg6 14. Nxe5 Bf6 15. Nxg6 hxg6 16. Ne4 Naxc4 17. dxc4 Nxc4 18. Qxd8 Rfxd8 (18... Bxd8 {looks sharper.} 19. a4 Rc8 20. Bf4 f5 21. Nc5 Bf6) 19. Nxf6+ gxf6 {[#]} 20. Bf4 $146 Na3 {Hoping for ...Nc2.} 21. Re7 Nxb5 22. Bxc7 Re8 23. Rxe8+ Rxe8 $11 {[%mdl 4096] Endgame KRB-KRN} 24. Ba5 $1 Re2 25. Rb1 Nd6 {next ...b6 is good for Black.} 26. Bc7 Ne4 27. Rxb7 Rxa2 28. Bd8 Kg7 29. h4 Rxf2 ({Much weaker is} 29... Nxc3 $6 30. g5 $11) 30. Rb4 (30. g5 $17 Rf4 31. gxf6+ Nxf6 32. Rxa7) 30... Rf4 $19 31. g5 {With the idea Bxf6+.} fxg5 $2 {[#]} ({Not} 31... Nxc3 32. Bxf6+ Rxf6 33. gxf6+ Kxf6 34. Kg2 $16) (31... Rg4+ $19 32. Kf1 f5) 32. hxg5 $11 Rg4+ 33. Kh2 a5 34. Ra4 Kf8 35. Rxa5 Ke8 ({Don't go for} 35... Nxc3 $2 36. Bf6 $18) 36. Ra8 Kd7 37. Kh3 $1 {[%cal Rh3g4]} Rg3+ 38. Kh4 Rxc3 {( -> ...Nf2)} 39. Ra4 $2 {[%mdl 8192] [#]} (39. Kg4 $15) 39... Nf2 $1 {[%csl Gf2][%cal Rc3h3]} 40. Rd4+ Kc8 {Accuracy: White = 40%, Black = 69%.} 0-1

[Event "BL 2018-19"]
[Site "Berlin"]
[Date "2019.03.03"]
[Round "11.7"]
[White "Sebastian, Dirk"]
[Black "Zelbel, Patrick"]
[Result "0-1"]
[WhiteElo "2442"]
[BlackElo "2439"]
[Annotator "TA"]
[PlyCount "81"]
[EventDate "2018.11.10"]
[EventType "team-tourn"]
[EventCountry "GER"]
[SourceTitle "playchess.com"]
[Source "ChessBase"]
[SourceQuality "1"]
[WhiteTeam "Hamburg SK"]
[BlackTeam "Muelheim"]

{[%evp 10,81,41,32,38,37,35,14,62,22,30,15,18,21,21,10,18,37,95,100,96,86,104,101,60,-22,100,94,212,124,114,70,135,123,147,134,130,133,194,187,131,79,79,9,7,9,8,12,16,17,19,0,0,0,0,0,0,0,55,54,125,127,122,118,114,0,433,418,568,583,567,567,897,878]} 1. e4 e5 2. Nf3 Nc6 3. Bc4 Nf6 4. d3 h6 5. Nbd2 d6 6. c3 g5 {C55: Two Knights: 4 d3, 4 d4 exd4 5 e5 and Max Lange Attack} 7. h3 Bg7 (7... Nh5 8. g3 Nf6 9. Nf1 Bg7 10. Ne3 Ne7 11. Bb3 c6 12. h4 g4 13. Nh2 h5 14. f3 {1-0 (40) Dominguez Perez,L (2739)-Mamedyarov,S (2801) Saint Louis 2018}) 8. Nf1 Ne7 {The position is equal.} 9. Ne3 $146 ({Predecessor:} 9. Ng3 O-O 10. Bb3 Bd7 11. Be3 Qc8 12. Qd2 Ng6 13. O-O-O Be6 14. Bxe6 Qxe6 {1-0 (41) Hallaeva,B (2133)-Khukhashvili,S (2338) Sharjah 2018}) 9... c6 10. Bb3 Qc7 11. h4 g4 12. Nh2 {[%cal Rh2g4]} h5 13. f3 $1 d5 (13... gxf3 $14 14. Qxf3 d5) 14. fxg4 $16 hxg4 15. Nhxg4 Nxg4 16. Nxg4 f5 17. exf5 (17. Nf2 $1 $14) 17... Bxf5 (17... Nxf5 $11 18. Bg5 Ng3) 18. Bg5 e4 (18... O-O-O $16 {was necessary.}) 19. Ne3 ({White has to play} 19. O-O $18) 19... Qg3+ 20. Kd2 d4 (20... Bh6 $1 $14 21. Qe1 Qd6) 21. cxd4 Bxd4 {Hoping for ...0-0-0.} 22. Qe1 Bxe3+ 23. Qxe3 Qe5 {[#]} (23... Qxg2+ $16 24. Kc3 O-O-O) 24. d4 $1 $18 {[%cal Rd4e5]} O-O-O 25. Rad1 (25. Kc2 $142 Qc7 26. Raf1) 25... c5 $16 26. Qf4 (26. Qc3 $16 {Kc1 is the strong threat.} Rxd4+ 27. Kc1) 26... Qxf4+ $11 27. Bxf4 {aiming for Ke3.} cxd4 28. Rc1+ Nc6 29. Rc5 $36 {[%mdl 2048] White has good play.} e3+ 30. Ke2 Bg4+ 31. Kd3 Rhf8 32. g3 $1 Kd7 33. Bd1 Be6 (33... Bxd1 $11 34. Rxd1 Ke6) 34. Bf3 $14 Bf5+ ({Better is} 34... Ke8 $14) 35. Rxf5 $16 {[%mdl 64] Remove Defender} Rxf5 36. Bg4 Ke6 {[#]} 37. Ke4 (37. Rf1 $1 $16 Rdd5 38. Ke4 {[%mdl 64] Pin}) 37... Rdd5 $2 {[%mdl 8192]} (37... Kf6 $1 $11) 38. h5 $18 Kf6 39. Bxf5 {White is clearly winning.} Rxf5 40. h6 {Threatens to win with h7.} Ne5 41. h7 {[%mdl 32768] Accuracy: White = 53%, Black = 44%. . Loss on time!?} 0-1

[Event "BL 2018-19"]
[Site "Berlin"]
[Date "2019.03.03"]
[Round "11.8"]
[White "Bacrot, Etienne"]
[Black "Heinemann, Josefine"]
[Result "1-0"]
[WhiteElo "2677"]
[BlackElo "2329"]
[Annotator "ChessBase"]
[PlyCount "73"]
[EventDate "2018.11.10"]
[EventType "team-tourn"]
[EventCountry "GER"]
[SourceTitle "playchess.com"]
[Source "ChessBase"]
[SourceQuality "1"]
[WhiteTeam "Baden-Baden"]
[BlackTeam "Viernheim"]
[TimeControl "40/6000+30:3000+30"]

1. e4 e5 2. Nf3 Nc6 {[%emt 0:00:00]} 3. Bc4 {[%emt 0:04:16]} Bc5 {[%emt 0:00:10]} 4. O-O {[%emt 0:01:43]} Nf6 {[%emt 0:00:18]} 5. d3 {[%emt 0:00:20]} O-O {[%emt 0:00:59]} 6. Re1 {[%emt 0:00:43]} Ng4 {[%emt 0:01:41]} 7. Re2 {[%emt 0:10:12]} Kh8 {[%emt 0:04:06]} 8. h3 {[%emt 0:00:30]} f5 {[%emt 0:00:30]} 9. Bg5 {[%emt 0:00:30]} Nf6 {[%emt 0:00:30]} 10. exf5 {[%emt 0:00:30]} d5 {[%emt 0:00:30]} 11. Bb5 {[%emt 0:00:30]} e4 {[%emt 0:00:30]} 12. dxe4 {[%emt 0:00:30]} dxe4 {[%emt 0:00:30]} 13. Qxd8 {[%emt 0:00:30]} Rxd8 {[%emt 0:00:30]} 14. Bxc6 {[%emt 0:00:30]} bxc6 {[%emt 0:00:30]} 15. Nfd2 {[%emt 0:00:30]} Bxf5 {[%emt 0:00:30]} 16. Nc3 {[%emt 0:00:30]} e3 {[%emt 0:00:30]} 17. Bxe3 {[%emt 0:00:30]} Bxe3 {[%emt 0:00:30]} 18. fxe3 {[%emt 0:00:30]} Bxc2 {[%emt 0:00:30]} 19. Nf3 {[%emt 0:00:30]} Bd3 {[%emt 0:00:30]} 20. Rd2 {[%emt 0:00:30]} Be4 {[%emt 0:00:30]} 21. Nxe4 {[%emt 0:00:30]} Nxe4 {[%emt 0:00:30]} 22. Rxd8+ {[%emt 0:00:30]} Rxd8 {[%emt 0:00:30]} 23. Rc1 {[%emt 0:00:30]} c5 {[%emt 0:00:30]} 24. Rc4 {[%emt 0:00:30]} Re8 {[%emt 0:00:30]} 25. Ra4 {[%emt 0:00:30]} Kg8 {[%emt 0:00:30]} 26. Rxa7 {[%emt 0:00:30]} Re7 {[%emt 0:00:30]} 27. a4 {[%emt 0:00:30]} Kf7 {[%emt 0:00:30]} 28. a5 {[%emt 0:00:30]} Ke6 {[%emt 0:00:30]} 29. a6 {[%emt 0:00:30]} Nd6 {[%emt 0:00:30]} 30. Ra8 {[%emt 0:00:30]} c6 {[%emt 0:00:30]} 31. Nd2 {[%emt 0:00:30]} Kd5 {[%emt 0:00:30]} 32. a7 {[%emt 0:00:30]} c4 {[%emt 0:00:30]} 33. Nb1 {[%emt 0:00:30]} Kc5 {[%emt 0:00:30]} 34. Nc3 {[%emt 0:00:30]} g6 {[%emt 0:00:30]} 35. e4 {[%emt 0:00:30]} h5 {[%emt 0:00:30]} 36. e5 {[%emt 0:00:30]} Nf7 {[%emt 0:00:30]} 37. Na4+ {[%emt 0:00:30]} 1-0

[Event "BL 2018-19"]
[Site "Berlin"]
[Date "2019.03.03"]
[Round "11.8"]
[White "Buckels, Valentin"]
[Black "Carlstedt, Jonathan"]
[Result "0-1"]
[WhiteElo "2427"]
[BlackElo "2418"]
[Annotator "TA"]
[PlyCount "98"]
[EventDate "2018.11.10"]
[EventType "team-tourn"]
[EventCountry "GER"]
[SourceTitle "playchess.com"]
[Source "ChessBase"]
[SourceQuality "1"]
[WhiteTeam "Muelheim"]
[BlackTeam "Hamburg SK"]

{[%evp 12,98,33,33,34,37,37,19,49,27,21,0,10,-81,-78,-101,-20,-19,-26,-14,35,37,62,64,65,83,79,33,34,11,5,0,0,-6,38,0,0,0,0,0,0,0,0,0,0,0,0,-5,-5,-20,-20,-17,-2,-26,-36,-68,-66,-41,-37,-38,-33,-175,-165,-304,-273,-274,-277,-416,-392,-713,-706,-1677,-1155,-1032,-820,-961,-955,-954,-820,-820,-770,-4614,-3709,-2368,-4922,-29985,-29986,-29987,-29988]} 1. d4 Nf6 2. c4 e6 3. g3 Bb4+ 4. Bd2 Qe7 5. Bg2 Nc6 6. e3 Bxd2+ 7. Qxd2 d5 {E00: Catalan Bogo-Indian (3 g3 Bb4+)} 8. Ne2 dxc4 9. O-O O-O {The position is equal.} 10. Qc3 $146 {[%mdl 1024] White has compensation.} ({Predecessor:} 10. Rc1 e5 11. Rxc4 exd4 12. Nxd4 Ne5 13. Rc1 c5 14. Nf3 Bh3 15. Nxe5 Bxg2 16. Kxg2 Qxe5 {1-0 (134) Georgiev,K (2648)-Kovacevic,B (2437) Padova 2013}) 10... e5 11. d5 Nb4 12. e4 (12. Qxc4 $11 {keeps the balance.} c6 13. dxc6) 12... Bg4 13. Nc1 {[#]} b5 (13... c6 $1 $17 {[%cal Rc6d5]} 14. a3 a5) 14. a3 $11 a5 15. b3 Na6 16. bxc4 b4 17. axb4 axb4 18. Qb2 Nd7 19. h3 Bh5 20. g4 Bg6 21. Nd3 Qd6 22. Nd2 f6 23. Ra5 {aiming for Nb3.} Nac5 24. Rxa8 Rxa8 25. Nxb4 Rb8 {Threatens to win with ...Na4.} 26. Qa3 Nxe4 27. Bxe4 {And now Rb1 would win.} Qxb4 28. Qxb4 Rxb4 29. Bxg6 hxg6 {[%mdl 4096] Endgame KRN-KRN} 30. Ra1 Nb6 31. Rc1 f5 32. g5 Kf8 33. Kf1 Ke7 34. Ke2 Rb2 35. Kd1 Ra2 36. Rb1 (36. f3 $15) 36... Kd6 37. c5+ (37. f3 {was necessary.}) 37... Kxc5 $19 38. Rc1+ Kd4 ({But not} 38... Kxd5 39. Rxc7 Kd4 40. Nb3+ Ke4 41. Rxg7 $17) 39. Ke2 (39. Rxc7 $142 Nxd5 40. Nb3+ Ke4 41. Rxg7) 39... Kxd5 40. Rxc7 $2 {[#]} (40. Ke1 c5 41. Rd1) 40... Nc4 $1 {[%mdl 512]} 41. Rxg7 (41. Rxc4 Rxd2+) 41... Rxd2+ {KRN-KR} 42. Ke1 Rd3 43. h4 Rh3 44. Rxg6 Rxh4 45. Rf6 Nd6 46. g6 e4 47. Ke2 Rg4 48. f3 Rg2+ 49. Ke3 Ke5 {Accuracy: White = 27%, Black = 72%.} 0-1

[Event "BL 2018-19"]
[Site "Berlin"]
[Date "2019.03.03"]
[Round "11.9"]
[White "Shankland, Samuel"]
[Black "Leko, Peter"]
[Result "1/2-1/2"]
[WhiteElo "2724"]
[BlackElo "2679"]
[Annotator "TA"]
[PlyCount "63"]
[EventDate "2018.11.10"]
[EventType "team-tourn"]
[EventCountry "GER"]
[SourceTitle "playchess.com"]
[Source "ChessBase"]
[SourceQuality "1"]
[WhiteTeam "Hockenheim"]
[BlackTeam "SF Deizisau"]

{[%evp 20,63,12,5,7,4,12,11,2,2,11,9,12,0,2,0,0,7,0,6,15,2,5,4,0,0,0,0,5,0,0,0,0,0,8,0,0,0,0,0,0,0,436,0,0,0]} 1. d4 Nf6 2. c4 e6 3. Nf3 d5 4. Nc3 c5 5. cxd5 Nxd5 6. e4 Nxc3 7. bxc3 cxd4 8. cxd4 Bb4+ 9. Bd2 Bxd2+ 10. Qxd2 O-O 11. Rc1 b6 {D41: Queen's Gambit Declined: Semi-Tarrasch with 5 cxd5} 12. Bd3 Bb7 13. O-O Nd7 {[%cal Bb8d7,Bd7f6,Bf6e8,Be8d6][%mdl 32]} 14. Qe3 Nf6 15. Ne5 Qe7 {[#]} 16. Rc3 $146 ({Predecessor:} 16. f3 Rfd8 17. Bb5 Rac8 18. a4 h6 19. h3 {½-½ (47) Aronian,L (2793)-Kramnik,V (2808) Stavanger 2017}) 16... Rac8 17. Rfc1 Rxc3 18. Rxc3 Rd8 19. f3 Ne8 20. Bb5 Nd6 21. a4 f5 {[%cal Rf5e4]} 22. Bc6 fxe4 23. fxe4 Nf7 24. Qf4 Nxe5 25. Qxe5 Bxc6 26. Rxc6 $11 {[%mdl 4096] Endgame KQR-KQR} Qf6 27. Rd6 Rxd6 28. Qxd6 Kf7 29. h3 h5 30. Qc7+ Kf8 $2 {[%mdl 8192] [#]} (30... Kg6 $11 {and Black has nothing to worry.}) 31. Qc4 $2 (31. Qb8+ $18 Kf7 32. Qxa7+ Ke8 33. Qxb6) 31... h4 32. Qd3 {Accuracy: White = 55%, Black = 77%.} 1/2-1/2